000 00763nam a2200217Ia 4500
003 GCL
008 140319s9999 xx 000 0 ara d
040 _aGCL /
_cGCL
082 0 4 _a796.42
_bب ق
100 1 _aبن ويدر
245 1 0 _a"قمة الانجاز الرياضى "" مبادئ ويدر "" تقرير خاص يحتوى على اخر المعلومات الحديثة" /
_cبن ويدر
700 1 _aمنير ملك المنياوى
300 _a79 ص
490 _aسلسلة براهين العلم
_v0
650 0 4 _aالالعاب الرياضية
650 0 4 _aالتدريب الرياضى
650 0 4 _aالعاب القوى
650 0 4 _aالتغذية الرياضية
650 0 4 _aالانجاز الرياضى
942 _2ddc
_cBK
999 _c49470
_d49470